| 000 | 00442nam a2200193Ia 4500 | ||
|---|---|---|---|
| 005 | 20240823022741.0 | ||
| 008 | 240823s9999||||xx |||||||||||||| ||und|| | ||
| 020 | _a81-7809-225-5 | ||
| 041 | _aENGLISH | ||
| 082 | _A155.2 P3 | ||
| 100 | _a"Oslie,Pamala" | ||
| 245 | 0 | _aMake Your Dreams come True | |
| 250 | _a1st | ||
| 260 |
_c2003 _b"Magna,M" _aMumbai |
||
| 500 | _aYES | ||
| 650 |
_aDream _bGeneral |
||
| 942 | _cBK | ||
| 999 |
_c179911 _d179911 |
||